|
|
|
|
| LEADER |
00780nam a2200169 a 4500 |
| 008 |
100419r19991997bg 000 0 mul d |
| 040 |
|
|
|a BD-DhAAL
|c BD-DhAAL
|
| 082 |
0 |
0 |
|a 346.5492/066
|2 21
|
| 245 |
0 |
0 |
|a কোম্পানি আইন.
|
| 260 |
|
|
|a ঢাকা :
|b সৈলুর প্রকাশনী ,
|c ১৯৯৭ [পুনঃমুদ্রণ ১৯৯৯].
|
| 300 |
|
|
|a ২৯৬ পৃ. :
|b চিত্র ;
|c ২৮ সে.মি.
|
| 541 |
1 |
|
|e 00012179
|
| 650 |
|
0 |
|a Corporation law
|z Bangladesh.
|
| 710 |
2 |
|
|a সৈলুর.
|
| 852 |
4 |
|
|a Ayesha Abed Library
|j General Shelf
|
| 999 |
|
|
|c 8135
|d 8135
|
| 952 |
|
|
|0 0
|1 0
|2 ddc
|4 0
|6 346_549206600000000_COM
|7 0
|9 9291
|a BRACUL
|b BRACUL
|c GEN
|d 2010-04-19
|g 350.00
|l 12
|m 103
|o 346.5492066 COM
|p 3010012179
|r 2021-02-04
|s 2020-01-26
|t 1
|w 2010-04-19
|y BK
|